000 00570cam a22002053a 4500
001 35339
003 PGUSA
005 20140828083748.0
008 110220s2011||||xxu|||||s|||||000 | eng d
040 _aPGUSA
_beng
042 _adc
100 1 _aDostoyevsky, Fyodor,
_d1821-1881
245 1 0 _aArme Leute
_h[electronic resource] /
_cFyodor Dostoyevsky
260 _bProject Gutenberg,
_c2011
506 _aPublic domain in the USA.
516 _aElectronic text
830 0 _aProject Gutenberg
_v35339
856 4 0 _uhttp://www.gutenberg.org/ebooks/35339
942 _cEB
999 _c264594
_d264594